Plato's Power /
What do we mean when we say that something has power? Plato's dialogues are probably the first philosophical corpus to address this question. Powers are causes; they account for how events happen. They are properties that agents have, as well as dispositions in those who suffer the effects of a...
Other Authors:
Format: eBook
Language: English
Published:
Leiden ; Boston :
Brill,
2025.
Series:
Religious Studies, Theology and Philosophy E-Books Online, Collection 2025.
Studies on the Interaction of Art, Thought and Power ;
10.
Subjects:
Online Access: Login to view Source
Tags: Add Tag
Call Number: B395
| LEADER | 02329nam a22004938i 4500 | ||
|---|---|---|---|
| 001 | BRILL9789004722040 | ||
| 003 | nllekb | ||
| 005 | 20250326200240.0 | ||
| 006 | m d | ||
| 007 | cr un uuuua | ||
| 008 | 250115s2025 gw sb 001 0 eng d | ||
| 010 | |a 2024050745 | ||
| 020 | |a 9789004722040 |q (electronic book) | ||
| 020 | |z 9789004712881 |q (print) | ||
| 024 | 7 | |a 10.1163/9789004722040 |2 DOI | |
| 035 | |z (OCoLC)1467697268 | ||
| 040 | |a NL-LeKB |c NL-LeKB |e rda | ||
| 041 | |a eng | ||
| 050 | 4 | |a B395 | |
| 072 | 7 | |a HPCA |2 bicssc | |
| 072 | 7 | |a PHI |x 002000 |2 bisacsh | |
| 082 | 0 | 4 | |a 184 |2 23 |
| 245 | 0 | 0 | |a Plato's Power / |c edited by Carolina Araújo. |
| 264 | 1 | |a Leiden ; |a Boston : |b Brill, |c 2025. | |
| 264 | 4 | |c ©2025 | |
| 300 | |a 1 online resource (376 pages) : |b illustrations. | ||
| 336 | |a text |b txt |2 rdacontent | ||
| 337 | |a computer |b c |2 rdamedia | ||
| 338 | |a online resource |2 rdacarrier | ||
| 490 | 1 | |a Religious Studies, Theology and Philosophy E-Books Online, Collection 2025 | |
| 490 | 1 | |a Studies on the Interaction of Art, Thought and Power ; |v 10 | |
| 504 | |a Includes bibliographical references and index. | ||
| 520 | |a What do we mean when we say that something has power? Plato's dialogues are probably the first philosophical corpus to address this question. Powers are causes; they account for how events happen. They are properties that agents have, as well as dispositions in those who suffer the effects of an action. This explanation is the basis of Plato's metaphysics and moral philosophy. He proposed that things are the power they have to act or be acted upon; this is their nature. This book brings together a group of specialists to guide the reader through this fascinating theory. | ||
| 546 | |a English | ||
| 588 | |a Description based on print version record. | ||
| 600 | 0 | 0 | |a Plato. |t Dialogues. |
| 650 | 0 | |a Characters and characteristics. | |
| 700 | 1 | |a Araújo, Carolina, |e editor. | |
| 776 | 0 | 8 | |i Print version: |t Plato's Power. |d Leiden ; Boston : Brill, 2025. |z 9789004712881 |w (DLC) 2024050744 |
| 830 | 0 | |a Religious Studies, Theology and Philosophy E-Books Online, Collection 2025. | |
| 830 | 0 | |a Studies on the Interaction of Art, Thought and Power ; |v 10. | |
| 856 | 4 | |z DOI: |u http://dx.doi.org/10.1163/9789004722040 | |
| 942 | |2 lcc |c EBOOK | ||
| 999 | |c 60576 |d 60576 | ||
